| 000 | 00486nam a22001457a 4500 | ||
|---|---|---|---|
| 008 | 230706b |||||||| |||| 00| 0 eng d | ||
| 040 |
_aNational Science Library _cNational Science Library |
||
| 080 |
_aR 058(4/9) _bM7 |
||
| 245 |
_aEuropa year book 1987: _bA world survey |
||
| 260 |
_aLondon: _bEuropa Publications Ltd, _c1987 |
||
| 300 | _axx, 1616p. | ||
| 500 | _aVol. I Part 1 International organization Part 2 Afghanistan - Jordan | ||
| 650 | _aYear book | ||
| 942 |
_2udc _cYBK |
||
| 999 |
_c55911 _d55911 |
||